Les chansons de Lola - Star Academy 2023 - Statistiques

Statistiques générales
  • Ce quiz a été pris 51 fois
  • Le résultat moyen est 8 sur 16
Statistiques - réponses
Prime / Eval Moment Avec Réponse % Correct
Chanson Hymne (Prime 2) Tous les élèves Au bout de mes rêves
88%
Artiste original Hymne (Prime 2) Tous les élèves Jean-Jacques Goldman
85%
Chanson Prime 1 Victorien Les filles d'aujourd'hui
80%
Artiste original Prime 1 Victorien Joyce Jonathan
73%
Artiste original Eval 2 Solo Shakira
68%
Chanson Prime 3 Solo Vie d'artiste
55%
Chanson Prime 2 Toutes les filles (sauf nominées) Will survive / Survivor
55%
Artiste original Prime 3 Solo La Zarra
53%
Chanson Eval 2 Solo Whenever Wherever
43%
Chanson Eval 1 Solo Mr/Mme
40%
Chanson Prime 2 Tous les élèves (sauf nominés) L'important c'est d'aimer
38%
Artiste original Prime 2 Tous les élèves (sauf nominés) Pascal Obispo
38%
Artiste original Eval 1 Solo Loïc Nottet
33%
Chanson Prime 3 Tous les élèves Heal The world
18%
Artiste original Prime 3 Tous les élèves Mickael Jackson
15%
Artiste original Prime 2 Toutes les filles (sauf nominées) Série Glee
15%
Aucun quiz correspondant
Distribution des résultats
% des personnes avec chaque résultat
Percentile par nombre de réponses
Votre historique - résultats
Vous n’avez pas pris ce quiz